000 00863aam a2200313 i 4500
001 768714001
003 CO-MdFUSB
005 20250509171612.0
007 ta
008 250509t1985 sp |||| |||| 00| 0 spa d
020 _a84-7645-032-X
040 _cCO-MdFUSB
041 0 _aspa
082 0 4 _223
_a242.5
_bF7851g
100 1 _aFowler, Clifton L. (Lefevre) (1882-)
_eautor
245 1 0 _aGetsemaní
_c/ Clifton L. Fowler ; traducido por Norma Staffi,
264 1 _bClie,
_aTerrassa, Barcelona, España :
_c[1985]
264 4 _c©1985
300 _a45 páginas
336 _atexto
_btxt
_2rdacontent
337 _2rdamedia
_asin mediación
_bn
338 _2rdacarrier
_avolumen
_bnc
563 _aRústico
653 _aMeditaciones
653 _aPasión de Jesús
700 _aStaffi, Norma,
_911445
_etraductor
942 _cBK
945 _aJTF-925
999 _c35596
_d35596